| 000 | 00763nam a22002411a 4500 | ||
|---|---|---|---|
| 001 | 25658 | ||
| 003 | BD-RjUL | ||
| 005 | 20240321115942.0 | ||
| 008 | 140319r19671941mau 000 1 eng | ||
| 035 | _a(BD-RjUL)25658 | ||
| 040 |
_aDLC _cODaWU _dOCoLC _dICRL _dDLC _dBD-RjUL _beng |
||
| 041 | _aeng | ||
| 082 | 0 | 0 |
_223 _a823.91 _bHIR 1967 |
| 100 | 1 |
_aHilton, James, _d1900-1954. _957052 |
|
| 245 | 1 | 0 |
_aRandom harvest / _cJames Hilton. |
| 260 |
_aLondon; _aBoston : _bMacmillan; _bLittle, Brown and Co., _c1941 [Reprinted 1967]. |
||
| 300 |
_a341 p. ; _c20 cm. |
||
| 490 | 0 | _aAn Atlantic Monthly Press book. | |
| 650 | 0 |
_aWorld War, 1914-1918 _xVeterans _vFiction. _978830 |
|
| 650 | 0 |
_aAmnesia _vFiction. _978831 |
|
| 651 | 0 |
_aEngland _vFiction. _978832 |
|
| 942 |
_2ddc _cBK |
||
| 999 |
_c25658 _d25658 |
||